000 00436nam a2200169 i 4500
001 bg
100 1 _aBERGS, H.
245 0 _aFachzeichnen der Heizungsinstallation /
_cH. Bergs, I.A. Resch.
260 _aBerlin :
_bVEB Verl. für Bauwesen,
_c1984.
650 _aOgrzewanie
_xurządzenia
700 1 _aRESCH, A.
040 _cBPK
041 _apol
080 _a696:697
942 _cKS
008 s pl f |000 0 pol
999 _c22747
_d22747
856 _uhttp://koha.tu.koszalin.pl/cgi-bin/koha/opac-detail.pl?biblionumber=22747
_yKatalog online BPK